[Event "KEN-ch"]
[Site "Nairobi"]
[Date "2024.02.18"]
[Round "10"]
[White "Kamau Kanegeni, Matthew"]
[Black "Methu, Joseph Muraga"]
[Result "1/2-1/2"]
[WhiteElo "1935"]
[BlackElo "1998"]
[PlyCount "94"]
[EventDate "2024.02.09"]
[EventType "tourn"]
[EventRounds "11"]
[EventCountry "KEN"]
[SourceTitle "CB08_2024"]
[SourceDate "2024.02.21"]
[SourceVersion "1"]
[SourceVersionDate "2024.02.21"]
[SourceQuality "1"]

1. d4 Nf6 2. c4 g6 3. Nc3 Bg7 4. e4 d6 5. h3 Nbd7 6. Nf3 e5 7. d5 h5 8. Bg5 Bh6 9. Bxh6 Rxh6 10. b4 a5 11. a3 Kf8 12. Bd3 Kg7 13. 0-0 h4 14. Qd2 Nh5 15. Ne2 f6 16. Nh2 Rh8 17. Rac1 Qe7 18. Rc3 g5 19. Ng4 axb4 20. axb4 c5 21. dxc6 bxc6 22. Ne3 Nf8 23. b5 c5 24. b6 Be6 25. Rb1 Nf4 26. b7 Rb8 27. Rcb3 N8g6 28. Nc3 Nxd3 29. Qxd3 Nf4 30. Qd1 Rhd8 31. Ncd5 Qf7 32. Rb6 Rd7 33. Qb3 Bxd5 34. Nf5+ Kh7 35. cxd5 Ne2+ 36. Kf1 Nd4 37. Nxd4 cxd4 38. Qb5 Rc7 39. Qa6 d3 40. Ke1 f5 41. Qa7 fxe4 42. Qxb8 e3 43. Qxc7 Qxc7 44. fxe3 Qc2 45. Kf1 Qe2+ 46. Kg1 Qxe3+ 47. Kh1 d2 1/2-1/2

[Event "KEN-ch"]
[Site "Nairobi"]
[Date "2024.02.10"]
[Round "3"]
[White "Mutuge, Ian"]
[Black "Kamau Kanegeni, Matthew"]
[Result "1-0"]
[WhiteElo "1777"]
[BlackElo "1935"]
[PlyCount "113"]
[EventDate "2024.02.09"]
[EventType "tourn"]
[EventRounds "11"]
[EventCountry "KEN"]
[SourceTitle "CB08_2024"]
[SourceDate "2024.02.21"]
[SourceVersion "1"]
[SourceVersionDate "2024.02.21"]
[SourceQuality "1"]

1. e4 c5 2. Nc3 e6 3. d4 cxd4 4. Qxd4 Nc6 5. Qd2 Nf6 6. Bd3 d5 7. exd5 exd5 8. a3 Bc5 9. Nge2 0-0 10. 0-0 Re8 11. Qg5 Ne5 12. Bb5 Bd7 13. Bxd7 Qxd7 14. Bf4 h6 15. Qg3 Ng6 16. Qf3 Qf5 17. g3 a6 18. Rad1 Rad8 19. Rd3 Ne4 20. Kg2 Ne5 21. Bxe5 Qxe5 22. Rfd1 Nxc3 23. Nxc3 d4 24. R3d2 Qc7 25. Ne2 Qb6 26. b4 Be7 27. Nxd4 Bf6 28. Nb3 Rxd2 29. Rxd2 Qb5 30. Nc5 b6 31. Ne4 Be7 32. Nd6 Bxd6 33. Rxd6 a5 34. Qd5 Qxd5+ 35. Rxd5 axb4 36. axb4 Re6 37. Rd8+ Kh7 38. Rc8 Kg6 39. Kf3 Kf6 40. Rc7 Rd6 41. Ke3 Ke6 42. c4 g6 43. h4 h5 44. f3 Kf6 45. b5 Ke6 46. Ke4 f5+ 47. Kf4 Rd4+ 48. Kg5 Rd3 49. Rc6+ Ke5 50. f4+ Ke4 51. Re6+ Kf3 52. Rxb6 Kxg3 53. Rxg6 Rd4 54. Kxf5+ Kxh4 55. Rc6 Kg3 56. Ke5 Rxf4 57. Rg6+ 1-0

[Event "Kitale op"]
[Site "Kitale"]
[Date "2023.05.14"]
[Round "4"]
[White "Nguku Namale, Ben"]
[Black "Kamau Kanegeni, Matthew"]
[Result "1-0"]
[WhiteElo "1967"]
[BlackElo "1982"]
[PlyCount "81"]
[EventDate "2023.05.13"]
[EventType "swiss"]
[EventRounds "6"]
[EventCountry "KEN"]
[SourceTitle "EXT 2024"]
[Source "ChessBase"]
[SourceDate "2023.10.10"]
[SourceVersion "1"]
[SourceVersionDate "2023.10.10"]
[SourceQuality "1"]

1. d4 Nf6 2. Nc3 d5 3. Bf4 g6 4. f3 Bg7 5. Qd2 c6 6. e4 dxe4 7. fxe4 0-0 8. Nf3 Qa5 9. Bd3 Bg4 10. 0-0-0 Nbd7 11. Kb1 Bxf3 12. gxf3 e5 13. Be3 exd4 14. Bxd4 c5 15. Be3 Rfd8 16. Qf2 b5 17. Be2 c4 18. Bg5 h6 19. Bh4 g5 20. Bg3 Nh5 21. Nd5 Nxg3 22. hxg3 Re8 23. c3 Nb6 24. f4 Na4 25. e5 Rab8 26. a3 Re6 27. Bg4 Ra6 28. Bf5 Kf8 29. Bg4 Rc6 30. Rhe1 Nc5 31. Bf5 Ne6 32. Nb4 Qb6 33. Qf3 Rc5 34. Rd6 Qb7 35. Qxb7 Rxb7 36. Bxe6 fxe6 37. Rxe6 a5 38. Nc6 Rb6 39. Nd4 Rb8 40. Ra6 b4 41. Ne6+ 1-0

[Event "Mombasa zt 4.2"]
[Site "Mombasa"]
[Date "2019.05.06"]
[Round "3"]
[White "Likoko, Elvis Wanasunia"]
[Black "Kamau Kanegeni, Matthew"]
[Result "1/2-1/2"]
[WhiteElo "1694"]
[BlackElo "1975"]
[PlyCount "121"]
[EventDate "2019.05.05"]
[EventType "swiss"]
[EventRounds "9"]
[EventCountry "KEN"]
[SourceTitle "CBM 190 Extra"]
[Source "ChessBase"]
[SourceDate "2019.07.15"]
[SourceVersion "1"]
[SourceVersionDate "2019.07.15"]
[SourceQuality "1"]

1. c4 Nf6 2. Nc3 d5 3. cxd5 Nxd5 4. g3 g6 5. Bg2 Nb6 6. d3 Bg7 7. Nf3 c6 8. 0-0 0-0 9. Bg5 h6 10. Be3 N8d7 11. Qc1 Kh7 12. Rb1 Nf6 13. Rd1 Be6 14. Nd4 Bd5 15. Nxd5 Nfxd5 16. Nf3 Nxe3 17. Qxe3 Qd7 18. Nh4 e5 19. b3 Nd5 20. Bxd5 Qxd5 21. Rdc1 b6 22. Qf3 Qxf3 23. Nxf3 Rac8 24. Nd2 c5 25. a4 Rfd8 26. Kg2 f5 27. f3 Bf6 28. Rc4 Rd4 29. Rbc1 Bg5 30. Rxd4 exd4 31. f4 Bf6 32. Nc4 Re8 33. Kf3 Rb8 34. Nd6 a5 35. h3 Be7 36. Nc4 Kg7 37. g4 fxg4+ 38. hxg4 Bd8 39. Nd6 Bc7 40. Nb5 Bd8 41. Rg1 Rb7 42. Rg2 Re7 43. e4 dxe3 44. Re2 Rd7 45. Rxe3 Kf7 46. Ke2 Bf6 47. Na3 Re7 48. Rxe7+ Bxe7 49. Ke3 Bd6 50. Nc4 Bc7 51. Nd2 Ke6 52. Ke4 Bd8 53. Nf1 h5 54. g5 h4 55. Ne3 Bc7 56. Kf3 h3 57. Ng4 Kf5 58. Nh6+ Ke6 59. Ng4 Kf5 60. Nh6+ Ke6 61. Ng4 1/2-1/2